[Event "Let's Play 890"]
[Site "http://www.queenalice.com/game.php?id=1867309"]
[Date "2025.12.24"]
[Round "-"]
[White "digger"]
[Black "Capixaba789"]
[Result "0-1"]
[WhiteElo "1723"]
[BlackElo "1885"]

1. e4 e5 2. d3 d6 3. Nc3 Nf6 4. Bg5 Be7 5. h4 c5 6. f3 Nc6 7. Qd2 Be6 8. Nge2
Nd4 9. O-O-O a6 10. Nxd4 cxd4 11. Ne2 b5 12. Kb1 Qb6 13. Rc1 b4 14. b3 a5 15. f4
a4 16. g3 axb3 17. cxb3 Qa5 18. Qb2 O-O 19. fxe5 dxe5 20. Rh2 Rfe8 21. Rc2 Ng4
22. Rh1 Nf2 23. Rg1 Nxd3 24. Qa1 Nc5 25. Rb2 Nxb3 26. axb3 Qxa1+ 27. Kc2 Rac8+
28. Kd3 Qxb2 29. Rg2 Qxb3+ 30. Kd2 Rc2+ 31. Ke1 d3 32. Kf2 dxe2 33. Bxe2 Bc5+
34. Ke1 Qb1+ 0-1

[Event "Let's Play 893"]
[Site "http://www.queenalice.com/game.php?id=1867312"]
[Date "2025.12.22"]
[Round "-"]
[White "Capixaba789"]
[Black "digger"]
[Result "1-0"]
[WhiteElo "1818"]
[BlackElo "1734"]

1. d4 d5 2. Nc3 e6 3. f4 Qf6 4. Nf3 Bd6 5. e3 Nc6 6. Bd3 Nh6 7. O-O O-O 8. Qe1
Nb4 9. Be2 Nxc2 10. Qd2 Nxa1 11. b3 Bb4 12. Bb2 Nxb3 13. axb3 Bd6 14. Ne5 Qe7
15. Bd3 Bxe5 16. fxe5 Qg5 17. Bb1 a5 18. Rf4 f5 19. exf6 Rxf6 20. Qd3 g6 21.
Rxf6 Qxf6 22. Ne2 Ng4 23. Nf4 g5 24. Qxh7+ Kf8 25. Ba3+ Ke8 26. Bg6+ Kd8 27.
Qg8+ Kd7 28. Be8+ 1-0

[Event "Let's Play 894"]
[Site "http://www.queenalice.com/game.php?id=1867313"]
[Date "2025.12.22"]
[Round "-"]
[White "digger"]
[Black "Capixaba789"]
[Result "0-1"]
[WhiteElo "1734"]
[BlackElo "1859"]

1. Nc3 e5 2. e4 Nf6 3. Bc4 Be7 4. d4 exd4 5. Qxd4 O-O 6. e5 Ne8 7. Qg4 d5 8. Qd4
dxc4 9. Qxc4 Nc6 10. Qe4 Bb4 11. Bd2 Nf6 12. Qf4 Nxe5 13. O-O-O Bd6 14. Qd4 Nc6
15. Qd3 Be6 16. Nf3 a5 17. Kb1 Nb4 18. Qe2 Re8 19. Be3 Qc8 20. Ng5 Bf5 21. Rd2
Be5 22. f4 Bxc3 23. bxc3 Nxc2 24. Rxc2 Bxc2+ 25. Kxc2 Qd7 26. Rd1 Qa4+ 27. Kb1
b5 28. g3 Rxe3 29. Qd2 Ree8 30. Qc1 b4 31. Rd4 Re2 32. Rd2 Rxd2 33. Qxd2 bxc3
34. Qc2 Qb4+ 35. Kc1 a4 36. Kd1 Qb2 37. Qxb2 cxb2 38. Kc2 a3 39. Nf3 Rb8 40. Kb1
Ne4 41. Ne1 Nc3+ 42. Kc2 Nxa2 43. Kb1 Nc3+ 44. Kc2 b1=Q+ 0-1

[Event "Let's Play Chess!"]
[Site "http://www.queenalice.com/game.php?id=1867344"]
[Date "2025.12.24"]
[Round "-"]
[White "alow_proton"]
[Black "Capixaba789"]
[Result "1-0"]
[WhiteElo "2074"]
[BlackElo "1867"]

1. e4 e5 2. f4 d5 3. exd5 exf4 4. Nf3 Qxd5 5. Nc3 Qd8 6. d4 Nf6 7. Bxf4 c6 8. a3
Be7 9. Bc4 Bf5 10. O-O h6 11. Nh4 Bh7 12. Nf3 Nbd7 13. Kh1 O-O 14. Ne2 Nb6 15.
Bb3 Nbd5 16. Bd2 Ne4 17. Qc1 f5 18. Be1 a5 19. c4 a4 20. cxd5 axb3 21. dxc6 bxc6
22. Qe3 Qb8 23. Nc3 Nxc3 24. Qxc3 Rc8 25. Ne5 Qb5 26. Qc4+ Qxc4 27. Nxc4 Bf6 28.
Bc3 Bg6 29. Nb6 Bg5 30. Nxa8 Rxa8 31. Rae1 f4 32. Re6 Bd3 33. Rf2 Bb5 34. g3
fxg3 35. hxg3 Rf8 36. Kg2 Rxf2+ 37. Kxf2 Kf7 38. Re1 Bf6 39. Rd1 1-0

[Event "Let's Play Chess!"]
[Site "http://www.queenalice.com/game.php?id=1867345"]
[Date "2025.12.24"]
[Round "-"]
[White "Capixaba789"]
[Black "alow_proton"]
[Result "0-1"]
[WhiteElo "1876"]
[BlackElo "2103"]

1. d4 d5 2. Nc3 Nf6 3. f4 g6 4. Nf3 Bg7 5. e3 O-O 6. Bd3 a6 7. O-O Nc6 8. Bd2
Bg4 9. Qe1 Nb4 10. Ne5 Bc8 11. a3 Nxd3 12. Nxd3 c6 13. Ne2 Ne4 14. c3 Nxd2 15.
Qxd2 Bf5 16. Ng3 Bd7 17. Ne5 Bc8 18. Qf2 f6 19. Nd3 b6 20. Rab1 Qd6 21. Kh1 a5
22. f5 Bh6 23. fxg6 hxg6 24. Nf4 Kg7 25. e4 Ba6 26. Rfe1 Bxf4 27. e5 fxe5 28.
dxe5 Bxe5 29. Qxb6 Rfb8 30. Qf2 Bf6 31. Qf3 e5 32. Qg4 Kh7 33. Qf3 Rh8 34. Red1
Raf8 35. Qe3 Qc7 36. b4 a4 37. Qc5 Be7 38. Qg1 Kg7 39. Qe1 Bh4 40. Qe3 e4 41.
Rf1 Bxf1 42. Nxf1 Bf2 43. Qe2 e3 44. Nxe3 Qxh2# 0-1

[Event "AUTO-ADV-4910"]
[Site "http://www.queenalice.com/game.php?id=1867374"]
[Date "2025.12.27"]
[Round "1"]
[White "Capixaba789"]
[Black "game"]
[Result "1/2-1/2"]
[WhiteElo "1880"]
[BlackElo "1702"]

1. d4 d5 2. Nc3 Nf6 3. f4 Bf5 4. Nf3 Ne4 5. e3 e6 6. Be2 Be7 7. O-O Qd6 8. Nxe4
Bxe4 9. c3 Nc6 10. Ne5 O-O 11. Qe1 Qd8 12. Qg3 Bh4 13. Qg4 Bf6 14. Bd2 Nxe5 15.
fxe5 Bg5 16. c4 f5 17. Qh3 c6 18. c5 h6 19. Bf3 Bd3 20. Rfd1 Bc2 21. Rf1 Bd3 22.
Rfc1 a5 23. b4 a4 24. a3 b5 25. Re1 Bh4 26. Red1 Bc2 27. Rf1 Bd3 28. Rfd1 Bc2
29. Rf1 Bd3 30. Rfd1 1/2-1/2

[Event "AUTO-ADV-4910"]
[Site "http://www.queenalice.com/game.php?id=1867375"]
[Date "2025.12.27"]
[Round "1"]
[White "game"]
[Black "Capixaba789"]
[Result "0-1"]
[WhiteElo "1712"]
[BlackElo "1870"]

1. e4 e5 2. Nf3 d6 3. Bc4 Be7 4. d3 Nf6 5. Ng5 O-O 6. Nc3 c5 7. Nd5 Nc6 8. O-O
Nd4 9. f4 exf4 10. Bxf4 a5 11. c3 Ne6 12. g3 Nxd5 13. Nxe6 fxe6 14. exd5 e5 15.
Be3 Bf6 16. h4 b6 17. Bb5 Bh3 18. Rf3 Bg4 19. Bc6 Bxf3 20. Qxf3 Rb8 21. Rf1 Qe7
22. Qg4 b5 23. d4 exd4 24. Bd2 dxc3 25. Bxc3 Qe3+ 26. Rf2 Bxc3 27. Qe6+ Qxe6 28.
dxe6 Bd4 0-1

[Event "AUTO-ADV-4911"]
[Site "http://www.queenalice.com/game.php?id=1867638"]
[Date "2026.1.7"]
[Round "1"]
[White "mvson33"]
[Black "Capixaba789"]
[Result "0-1"]
[WhiteElo "1948"]
[BlackElo "1839"]

1. c4 d5 2. cxd5 Qxd5 3. Nc3 Qd8 4. Nf3 Nc6 5. e3 e5 6. Bc4 Be7 7. O-O Nf6 8. d4
exd4 9. Nxd4 Nxd4 10. Qxd4 Bd7 11. Bb3 O-O 12. Bc2 Bd6 13. e4 Re8 14. Bg5 Bc6
15. Rfe1 b6 16. Qd3 Be5 17. Rab1 Qxd3 18. Bxd3 a6 19. Rbc1 Bb7 20. Nd5 Nxd5 21.
exd5 Bxd5 22. b3 c6 23. Re2 Bd6 24. Rce1 Rxe2 25. Rxe2 f6 26. Bd2 Be5 27. Bc4
Bxc4 28. bxc4 c5 29. f4 Bd4+ 30. Kf1 a5 31. Re6 Rb8 32. Ke2 Kf7 33. f5 Re8 34.
Rxe8 Kxe8 35. Bf4 Kd7 36. h3 Kc6 37. Kd3 b5 38. cxb5+ Kxb5 39. Be3 Bxe3 40. Kxe3
Ka4 41. Kd3 Kb4 42. Kc2 Ka3 43. Kc3 Kxa2 44. Kc4 a4 45. Kc3 Kb1 46. Kc4 a3 47.
Kxc5 a2 0-1

[Event "AUTO-ADV-4911"]
[Site "http://www.queenalice.com/game.php?id=1867639"]
[Date "2026.1.7"]
[Round "1"]
[White "Capixaba789"]
[Black "mvson33"]
[Result "1/2-1/2"]
[WhiteElo "1877"]
[BlackElo "1913"]

1. d4 Nf6 2. c4 d5 3. Nc3 e6 4. cxd5 exd5 5. f4 Nc6 6. Nf3 Be7 7. e3 O-O 8. Bd3
Bg4 9. O-O Qd6 10. Qe1 a6 11. Ne2 Ne4 12. Ne5 Nxe5 13. fxe5 Qd7 14. Nf4 Bf5 15.
Bd2 Nxd2 16. Qxd2 Bxd3 17. Qxd3 c5 18. dxc5 Bxc5 19. Qxd5 Bxe3+ 20. Kh1 Qxd5 21.
Nxd5 Bd4 22. Rfe1 Rad8 23. Ne7+ Kh8 24. Rab1 Rfe8 25. Nf5 Bxe5 26. h3 g6 27. Nh6
Kg7 28. Ng4 Bg3 29. Rxe8 Rxe8 30. b3 Re1+ 31. Rxe1 Bxe1 32. Kg1 f5 33. Ne3 Kf6
34. Kf1 Ba5 35. b4 Bd8 36. a4 Ke5 37. Ke2 Bb6 38. Nc4+ Kd4 39. Nxb6 Kc3 40. b5
axb5 41. axb5 Kb4 42. Kf3 Kxb5 43. Nd5 Kc4 44. Nb6+ Kb5 45. Nd5 Kc5 46. Nc3 Kc4
47. Na4 b5 48. Nb2+ Kc3 49. Nd1+ Kd2 50. Ne3 f4 51. Kxf4 b4 52. g4 b3 53. g5 Kd3
54. Nd1 Kd2 55. Nb2 Kc2 56. Nc4 Kc3 57. Na3 b2 58. Ke5 Kb3 59. Nb1 Kc2 60. Na3+
Kb3 61. Nb1 Kc2 62. Na3+ Kb3 1/2-1/2

[Event "Let's Play Chess!"]
[Site "http://www.queenalice.com/game.php?id=1868151"]
[Date "2026.1.20"]
[Round "-"]
[White "alow_proton"]
[Black "Capixaba789"]
[Result "1-0"]
[WhiteElo "2096"]
[BlackElo "1845"]

1. e4 e5 2. f4 d5 3. exd5 Qxd5 4. Nc3 Qd8 5. Nf3 exf4 6. Bc4 Be7 7. O-O Nf6 8.
d4 O-O 9. Bxf4 c6 10. a3 Bf5 11. Nh4 Bg4 12. Qd3 Nd5 13. Nf5 Nxc3 14. Nxe7+ Qxe7
15. Qxc3 Nd7 16. Qg3 Bh5 17. Bd6 Qd8 18. Bxf8 Qxf8 19. Qh3 Bg6 20. Qxd7 Rb8 21.
Rf2 1-0

[Event "Let's Play Chess!"]
[Site "http://www.queenalice.com/game.php?id=1868198"]
[Date "2026.1.20"]
[Round "-"]
[White "Capixaba789"]
[Black "alow_proton"]
[Result "0-1"]
[WhiteElo "1851"]
[BlackElo "2090"]

1. e4 c5 2. d4 cxd4 3. Qxd4 Nc6 4. Qd1 Nf6 5. Bd3 e5 6. Nf3 Bc5 7. c3 a5 8. O-O
O-O 9. Be3 Bxe3 10. fxe3 d6 11. Nbd2 Bg4 12. Qe1 Rb8 13. Qg3 b5 14. a3 a4 15.
Rac1 Na5 16. Nh4 Be6 17. Nf5 g6 18. Nh4 Nh5 19. Ndf3 Qe7 20. Ng5 Nxg3 0-1